000 00186 a2200097 4500
020 _a9780590293693
041 _aspa
100 _aMary Reid
245 _a
942 _cBK
999 _c29118
_d29116